| 000 | 00394nam a22001457a 4500 | ||
|---|---|---|---|
| 003 | SGT | ||
| 082 |
_a617.84 _bC25J |
||
| 100 | _aJAIN, AVISHA | ||
| 245 | _aCOMBINED EFFECT OF CRANIOSACRAL THERAPY PROTOCOL AND CONNECTIVE TISSUES MASSAGE IN REDUCING MIGRAINE SYMPTOMS | ||
| 260 |
_aGURUGRAM _bSGT UNIVERSITY _c2025 |
||
| 300 | _a108 | ||
| 650 | _aNEUROLOGY | ||
| 653 | _aPHD | ||
| 942 |
_2ddc _cTH |
||
| 999 |
_c32577 _d32577 |
||